|
|
|
|
| LEADER |
01231nam a2200313 a 4500 |
| 001 |
000603032 |
| 003 |
CZ BrMZK |
| 005 |
20060627130928.0 |
| 007 |
ta |
| 008 |
020528s1989 xr a f cze d |
| 015 |
|
|
|a cnb000051858
|
| 020 |
|
|
|a 80-204-0020-6
|q (Váz.)
|
| 035 |
|
|
|a (OCoLC)21108352
|
| 040 |
|
|
|a BOA001
|c ze
|d BOA001
|
| 080 |
|
|
|a 885.0-311.2
|2 MRF
|
| 100 |
1 |
|
|a Červenková, Jana,
|d 1939-
|7 jk01021693
|4 aut
|
| 245 |
1 |
0 |
|a Věno pro Yvettu Márovou /
|c Jana Červenková ; ilustrovala Daniela Havlíčková ; obálka, vazba a graf. úprava Michal Houba
|
| 250 |
|
|
|a 1. vyd.
|
| 260 |
|
|
|a Praha :
|b Mladá fronta,
|c 1989
|f (Mír 3)
|
| 300 |
|
|
|a 147 s. :
|b obr. ;
|c 21 cm
|
| 490 |
1 |
|
|a Edice 13 ;
|v sv. 188
|
| 700 |
1 |
|
|a Havlíčková, Daniela,
|d 1946-1999
|7 jk01040364
|4 ill
|
| 830 |
|
0 |
|a Edice 13
|0 s
|
| 856 |
4 |
1 |
|u http://www.digitalniknihovna.cz/mzk/uuid/uuid:96daef90-f9df-11e2-9923-005056827e52
|y Digitalizovaný dokument
|x NDK
|
| 910 |
|
|
|a BOA001
|b 2-0946.814
|b PK-0110.784
|
| 920 |
|
|
|a 000026655
|
| 990 |
|
|
|a BK
|
| 996 |
6 |
|
|b 2619016420
|c 2-0946.814
|l MZK
|r Sklad / do 1 hodiny
|n 0
|w 000603032
|u 000010
|a 1
|e BOA001
|j MZK50
|s P
|
| 996 |
7 |
|
|b 3119995879
|c PK-0110.784
|l MZK
|r Sklad / do 1 hodiny
|n 2
|w 000603032
|u 000020
|a 1
|e BOA001
|j MZK50
|s A
|